KOHA-Header-6

Bioinformatics (Record no. 1762)

000 -LEADER
fixed length control field 00306nam a2200133Ia 4500
008 - FIXED-LENGTH DATA ELEMENTS--GENERAL INFORMATION
fixed length control field 190723s9999 xx 000 0 und d
020 ## - INTERNATIONAL STANDARD BOOK NUMBER
International Standard Book Number 81-239-1482-2
100 ## - MAIN ENTRY--PERSONAL NAME
Personal name S.C Rastogi
245 #0 - TITLE STATEMENT
Title Bioinformatics
250 ## - EDITION STATEMENT
Edition statement 2nd
260 ## - PUBLICATION, DISTRIBUTION, ETC. (IMPRINT)
Place of publication, distribution, etc New Delhi
Name of publisher, distributor, etc CBS Publishers
Date of publication, distribution, etc 2016
300 ## - PHYSICAL DESCRIPTION
Extent 426.:p
942 ## - ADDED ENTRY ELEMENTS (KOHA)
Koha item type Books
Holdings
Withdrawn status Lost status Source of classification or shelving scheme Damaged status Not for loan Collection code Permanent Location Current Location Shelving location Date acquired Total Checkouts Full call number Barcode Date last seen Date checked out Price effective from Koha item type
          Bio Sciences MAJU MAJU Shelf No.A36 2019-07-23 1 572.86 8385 2020-07-06 2019-12-10 2019-07-23 Bio Science

Powered by Koha